zpět

Detail výsledku týmu

Koruna, Břeclav

Datum a čas kvízu

23.5 Celkem bodů Celkový počet nahraných bodů na tomto kvízu bez doplňovacích otázek.
9. Pořadí na kvízu Konečné umístění týmu na tomto kvízu.

Zaznamenané odpovědi

# Otázka Odpověď Body Výsledky
1. Podle nového návrhu zákona by... pátek 1
2. Ve věku 79 let zemřel v neděli... Pákistán 0
3. Takovou party ještě strašnické... Petr Hošek 0
4. Česká pošta od února zdražila... 23 Kč 0
5. Ve čtvrtek měl premiéru další... Zlatan Ibrahimović, Tomáš Ujfaluši 0
6. Nyní se zaměříme na umělce a j... Less 1
7. Postava francouzského malíře P... B) šimpanz 1
8. Za kontroverzní byl ve své dob... Édouard Manet, Snídaně v trávě 0.5
9. Fotografie amerického umělce A... (Serranova) moč 1
10. V poslední otázce se vrátíme k... Entropa 1